<?xml version="1.0" encoding="UTF-8"?>
<record
    xmlns:xsi="http://www.w3.org/2001/XMLSchema-instance"
    xsi:schemaLocation="http://www.loc.gov/MARC21/slim http://www.loc.gov/standards/marcxml/schema/MARC21slim.xsd"
    xmlns="http://www.loc.gov/MARC21/slim">

  <leader>00812nam a2200205Ia 4500</leader>
  <controlfield tag="005">20240530110942.0</controlfield>
  <controlfield tag="008">140319s2011    sy abh f b    000 0 ara d</controlfield>
  <datafield tag="040" ind1=" " ind2=" ">
    <subfield code="a">GCL / </subfield>
    <subfield code="c">GCL</subfield>
  </datafield>
  <datafield tag="082" ind1="0" ind2="4">
    <subfield code="2">21</subfield>
    <subfield code="a">723.3 </subfield>
    <subfield code="b">&#x644; &#x62A;</subfield>
  </datafield>
  <datafield tag="100" ind1="0" ind2=" ">
    <subfield code="a">&#x644;&#x637;&#x641;&#x649; &#x641;&#x624;&#x627;&#x62F; &#x644;&#x637;&#x641;&#x649; </subfield>
  </datafield>
  <datafield tag="245" ind1="1" ind2="2">
    <subfield code="a">&#x627;&#x644;&#x62A;&#x627;&#x631;&#x64A;&#x62E; &#x627;&#x644;&#x639;&#x645;&#x631;&#x627;&#x646;&#x649; &#x644;&#x62F;&#x645;&#x634;&#x642; &#x628;&#x64A;&#x646; 923 - 1373&#x647;&#x640; / 1516 - 1918 &#x645; :</subfield>
    <subfield code="b">&#x628;&#x62D;&#x62B; &#x641;&#x649; &#x627;&#x644;&#x62A;&#x627;&#x631;&#x64A;&#x62E; &#x627;&#x644;&#x639;&#x645;&#x631;&#x627;&#x646;&#x649; &#x644;&#x645;&#x62F;&#x64A;&#x646;&#x629; &#x62F;&#x645;&#x634;&#x642; /</subfield>
    <subfield code="c">&#x644;&#x637;&#x641;&#x649; &#x641;&#x624;&#x627;&#x62F; &#x644;&#x637;&#x641;&#x649; </subfield>
  </datafield>
  <datafield tag="250" ind1=" " ind2=" ">
    <subfield code="a">&#x637;.1</subfield>
  </datafield>
  <datafield tag="260" ind1=" " ind2=" ">
    <subfield code="a">&#x62F;&#x645;&#x634;&#x642; :</subfield>
    <subfield code="b">&#x648;&#x632;&#x627;&#x631;&#x629; &#x627;&#x644;&#x62B;&#x642;&#x627;&#x642;&#x629;&#x60C;</subfield>
    <subfield code="c">2011 .</subfield>
  </datafield>
  <datafield tag="300" ind1=" " ind2=" ">
    <subfield code="a">688 &#x635;.  :</subfield>
    <subfield code="b">&#x627;&#x64A;&#x636;. &#x61B;</subfield>
    <subfield code="c">24 &#x633;&#x645;.</subfield>
  </datafield>
  <datafield tag="650" ind1="0" ind2="7">
    <subfield code="2">qrmak</subfield>
    <subfield code="a">&#x627;&#x644;&#x639;&#x645;&#x627;&#x631;&#x629; &#x627;&#x644;&#x627;&#x633;&#x644;&#x627;&#x645;&#x64A;&#x629; </subfield>
    <subfield code="z">&#x62F;&#x645;&#x634;&#x642;</subfield>
  </datafield>
  <datafield tag="650" ind1="0" ind2="7">
    <subfield code="2">qrmak</subfield>
    <subfield code="a">&#x627;&#x644;&#x632;&#x62E;&#x627;&#x631;&#x641; &#x627;&#x644;&#x627;&#x633;&#x644;&#x627;&#x645;&#x64A;&#x629; </subfield>
    <subfield code="z">&#x62F;&#x645;&#x634;&#x642;</subfield>
  </datafield>
  <datafield tag="651" ind1=" " ind2=" ">
    <subfield code="2">qrmak</subfield>
  </datafield>
  <datafield tag="942" ind1=" " ind2=" ">
    <subfield code="2">ddc</subfield>
    <subfield code="c">BK</subfield>
  </datafield>
  <datafield tag="999" ind1=" " ind2=" ">
    <subfield code="c">66834</subfield>
    <subfield code="d">66834</subfield>
  </datafield>
  <datafield tag="952" ind1=" " ind2=" ">
    <subfield code="0">0</subfield>
    <subfield code="1">0</subfield>
    <subfield code="4">0</subfield>
    <subfield code="7">0</subfield>
    <subfield code="a">CAI</subfield>
    <subfield code="b">CAI</subfield>
    <subfield code="c">&#x627;&#x644;&#x641;&#x646;&#x648;&#x646;-&#x639;&#x631;&#x628;&#x649;</subfield>
    <subfield code="d">2022-11-07</subfield>
    <subfield code="l">0</subfield>
    <subfield code="o">723.3  &#x644; &#x62A;</subfield>
    <subfield code="p">168787</subfield>
    <subfield code="r">2022-11-07 00:00:00</subfield>
    <subfield code="w">2022-11-07</subfield>
    <subfield code="y">BK</subfield>
  </datafield>
</record>
